Quiz sur la voiture - Statistiques

Statistiques générales
  • Ce quiz a été pris 621 fois
  • Le résultat moyen est 8 sur 15
Statistiques - réponses
Question Réponse % Correct
Animal de trait qu’on utilise comme référence pour la puissance du moteur Cheval
98%
Constructeur automobile américain qui a lancé la production automobile en série Henry Ford
89%
Films d'actions que les Québécois appellent Rapides et Dangereux Fast and Furious
76%
Acronyme de trois lettres qui désigne un véhicule surélevé par rapport à une voiture classique SUV
64%
Célèbre compétition automobile qui a lieu en France depuis 1923 Les 24 heures du Mans
61%
Voiture qui permet de voyager dans le temps dans Retour vers le futur La Delorean
59%
Voiture la plus vendue de tout les temps, conçue à la demande d’Adolf Hitler La Volkswagen Coccinelle
48%
Dernier pays à avoir autorisé aux femmes de conduire, en 2018 Arabie Saoudite
45%
Minibus compact symbole du mouvement hippie Combi Volkswagen
41%
Voiture officielle du président des États-Unis Cadillac
35%
Série américaine où David Hasselhoff roule dans une voiture intelligente aux allures futuristes K2000
34%
Nom du van dans lequel se déplacent les personnages de Scooby-Doo La Mystery Machine
31%
Série dans laquelle Tom Selleck est au volant d'une Ferrari 308 rouge Magnum
30%
Couturier allemand qui a posé pour une célèbre campagne de sensibilisation de la Sécurité Routière en 2008 Karl Lagerfeld
30%
Première voiture à franchir le cap des 100 km/h, en 1899 La Jamais-contente
12%
Aucun quiz correspondant
Distribution des résultats
% des personnes avec chaque résultat
Percentile par nombre de réponses
Votre historique - résultats
Vous n’avez pas pris ce quiz